000 00486nam a2200181Ia 4500
005 20250423095915.0
008 250422s9999 xx 000 0 und d
020 _a9789351112143
050 _aPN 4756 .A76/
100 _aArora, Dr. Neha
245 0 _aJournalism ethics and mass management
260 _aNew Delhi
260 _bRandom Publications
260 _c2014
300 _a282 p
650 _aJournalistic ethics. Journalism--Objectivity. Mass Management
942 _cBK
999 _c31694
_d31694